000 nam a22 a 4500
999 _c130487
_d130487
003 BLK
005 20220208111921.0
008 180409b bul|||||r ||||||| ||bul||
010 _aKNG00136252000
040 _aBLK
041 _aBUL
_cBUL
080 _aЗанаятчийски и индустриални камари. Търговски палати
_b334.788.2
_x(497.2)(063)
_z334.788.2(497.2)(063)
110 1 _aБългария. Търговско-индустриални камари
_9321755
139 _aБългария. Търговско-индустриални камари
_bБ 92
245 1 0 _aСъкратени протоколи на Петия конгрес на Търговско-индустриалните камари в България
_b5 - 9 авг. 1923 г. - Бургас
257 _aBGR
260 _aБургас
_bТърг.-индустр. камари в България
_c1924
_fБургас : печ. бр. Симеонови
300 _a239 с.
_c23 см
380 _a3
500 _aРаздел ІІ съдържа и Реферати : Данъчната тежест и народното стопанство / Ж. Бурилков. 1924. Нашата митническа тарифа в свръзка с предстоящите ни търговски договори / Васил Бахаров. 1924. По закона за насърдчение местната индустрия / Д. Духовников. 1924. По амбулантната търговия / Д. Духовников. 1924.
650 4 _aКамари, търговско-индустриални
_9280620
651 4 _aБългария
_9241624
651 4 _aБургас
_9178676
653 _aкамари
653 _aконгреси
653 _aпротоколи
852 _aЦб 3.185.29025
852 _aК 334/ Б 92
856 4 _qpdf
856 4 _qpdf
942 _cKNG
_n0
_s1
944 _aCR
_c15.11.2012
_lф / 15.11.2012
_kНаталия_Медовщикова
944 _aED
_c26.11.2012
_lф / 15.11.2012
999 _d130487
999 _d130487